000 00391 a2200157 4500
001 48365
020 _a9788578480240
040 _cAnchieta - Bela Vista
100 _aZEE, Meneer
240 1 0 _aA história dos lobos de todas as cores
_lpor
245 1 0 _aA história dos lobos de todas as cores
300 _a29 p.
362 0 _a2009
650 4 _aLiteratura infanto-juvenil
942 _cBK
999 _c48365
_d48365